Fungúrie u onkologických pacientov: analýza rizikových faktorov, klinický obraz u 50 pacientov a závery pre klinickú prax

Bibliographic Details
Main Authors: Oravcová, E. (Author), Špánik, Stanislav (Author), Lacka, J. (Author), Drgoňa, Ľuboš, 1967- (Author), Studená, M. (Author), Ševčíková, L. (Author), Koreň, P. (Author), Švec, J. (Author), Kukučková, E. (Author), Grey, Eva, 1968- (Author), Kunová, A. (Author), Trupl, Jan, 1943- (Author)
Format: Article
Language:Slovak
PhysicalDescription:Tab.
ISSN:1335-0579
Subjects:

MARC

LEADER 00000nab a2200000 a 4500
001 vtls000685813
003 SK-MaSNL
005 20260305003112.0
008 250426c1997 xo 0 slo
015 |a SNBRB1999/01-00192 
035 |a CLN000037980 
035 |a urn:nbn:sk:snk-ab2erf 
035 |a (urnnbn)urn:nbn:sk:snk:ar-a02bdb 
035 |a (uuid)4e687add-a2d4-462c-b461-c86680d42fdb 
040 |a SNKBUCL  |b slo  |c SNKBUCL  |e AACR2 
041 0 |a slo 
044 |a xo  |c SK 
080 |a 616-002.828:616-006:615.282  |2 1997 
080 |a 616.992.282  |2 1997 
080 |a 615.282  |2 1997 
080 |a 616-006  |2 1997 
245 0 0 |a Fungúrie u onkologických pacientov: analýza rizikových faktorov, klinický obraz u 50 pacientov a závery pre klinickú prax  |c E. Oravcová ... [et al.] 
300 |b Tab. 
504 |a Bibliogr. odkazy 
650 0 7 |a fungúria  |2 snkbucl  |9 1579723 
650 0 7 |a fungémia  |2 snkbucl  |9 876506 
650 0 7 |a kandidóza  |2 snkbucl  |9 876507 
650 0 7 |a antimykotiká  |2 snkbucl  |9 13893 
650 0 7 |a mykózy  |2 snkbucl  |9 14181 
650 0 7 |a infekcie močových ciest  |2 snkbucl  |9 20103 
650 0 7 |a farmakoterapia  |2 snkbucl  |9 14158 
655 7 |a štúdie  |2 snkbucl  |9 57033 
655 7 |a články z novín a časopisov  |2 snkbucl  |9 267496 
700 1 |a Oravcová, E.  |4 aut  |9 278167 
700 1 |a Špánik, Stanislav  |4 aut  |9 13119 
700 1 |a Lacka, J.  |4 aut  |9 1130221 
700 1 |a Drgoňa, Ľuboš,  |d 1967-  |4 aut  |9 200458 
700 1 |a Studená, M.  |4 aut  |9 278165 
700 1 |a Ševčíková, L.  |4 aut  |9 826543 
700 1 |a Koreň, P.  |4 aut  |9 422532 
700 1 |a Švec, J.  |4 aut  |9 307629 
700 1 |a Kukučková, E.  |4 aut  |9 1130477 
700 1 |a Grey, Eva,  |d 1968-  |4 aut  |9 23042 
700 1 |a Kunová, A.  |4 aut  |9 835670 
700 1 |a Trupl, Jan,  |d 1943-  |4 aut  |9 242388 
773 0 |t Acta chemotherapeutica  |g Roč. 6, č. 2-3 (1997), s. 45-50  |x 1335-0579 
850 |a Slovenská národná knižnica 
852 |a Slovenská národná knižnica 
954 |a odborná, vedecká literatúra pôvodná (slovenská)  |2 lita 
958 |a article27 
958 |a NB 
958 |a OND 
958 |a EUIPO 
992 |a RBX 
999 |c 3228596  |d 3230526